000 00435nam a2200169 i 4500
001 bgj
100 1 _aJONES, Thom.
245 1 0 _aThe Pugilist at Rest :
_bstories /
_cThom Jones.
260 _aBoston [etc.] :
_bLittle, Brown and Company,
_cc. 1993.
300 _a230 pp ;
_c21 cm.
020 _a0316473049
040 _cBPK
041 0 _aeng
920 _a0-316-47304-9
942 _cKS
008 s uk f |000 0 eng
999 _c47979
_d47979
856 _uhttp://koha.tu.koszalin.pl/cgi-bin/koha/opac-detail.pl?biblionumber=47979
_yKatalog online BPK